Logo BPK

Bibliografia Prac Pracowników

Politechniki Koszalińskiej

Nowy podział administracyjny Polski a zarządzanie rozwojem regionalnym w krajach Unii Europejskiej / (Rekord nr 1587)

Szczegóły MARC
000 -ETYKIETA REKORDU
podpole kontrolne o stałej długości 01591naa a2200229 i 4500
001 - NUMER KONTROLNY REKORDU
podpole kontrolne 1587
003 - IDENTYFIKATOR NUMERU KONTROLNEGO REKORDU
podpole kontrolne KOSZ 005
005 - DATA OSTATNIEJ MODYFIKACJI REKORDU
podpole kontrolne 20180126130749.0
008 - POLE O STAŁEJ DŁUGOŚCI - DANE KONTROLNE
podpole kontrolne o stałej długości 150528s2001 pl f |100 0 pol
040 ## - ŹRÓDŁO KATALOGOWANIA
Instytucja, która utworzyła rekord BPK
Instytucja, która dokonała modyfikacji KOSZ 005/EG
080 ## - UNIWERSALNA KLASYFIKACJA DZIESIĘTNA - UKD
UKD 352/353.071
100 1# - NAZWA OSOBOWA
Nazwa osobowa KRAUZE, Tomasz.
Lata pracy 1998 - .
Instytucja Politechnika Koszalińska - Wydział Ekonomii i Zarządzania,
Wydział Katedra Polityki Społeczno-Gospodarczej i Ekonomiki Regionalnej
245 10 - TYTUŁ/ODPOWIEDZIALNOŚĆ
Tytuł Nowy podział administracyjny Polski a zarządzanie rozwojem regionalnym w krajach Unii Europejskiej /
Pozostałe elementy strefy tytułu i oznaczenia odpowiedzialności Agnieszka Korneluk, Tomasz Krauze.
500 ## - UWAGI OGÓLNE
Tekst uwagi Dane z autopsji.
520 ## - UWAGA DOTYCZĄCA TREŚCI DOKUMENTU
Analiza dokumentacyjna, adnotacja itp. W artykule dowodzi się, że zasadniczo podział administracyjny i struktura zarządzania państwem w krajach UE nie wywiera bezpośredniego wpływu na kształt i efektywność polityki regionalnej. Znaczący wpływ ma natomiast skuteczność działań władz centralnych i lokalnych, wynikająca z właściwego pojmowania prawidłowości rozwoju lokalnego oraz wspólnie wypracowanych programów strukturalnych.
650 #0 - HASŁO PRZEDMIOTOWE W FORMIE NAZWY OGÓLNEJ LUB JEDNOSTKOWEJ
Nazwa ogólna lub geograficzna Regiony (adm.).
650 #0 - HASŁO PRZEDMIOTOWE W FORMIE NAZWY OGÓLNEJ LUB JEDNOSTKOWEJ
Nazwa ogólna lub geograficzna Polityka regionalna.
655 #0 - TERMIN INDEKSOWY - OKREŚLENIE RODZAJU/FORMY DOKUMENTU
Określnie rodzaju/formy dokumentu Materiały konferencyjne.
711 22 - HASŁO DODATKOWE - NAZWA IMPREZY
Nazwa imprezy Konferencja Naukowa nt. Integracja i rozwój Pomorza Środkowego
Data imprezy (2001 ;
Miejsce imprezy Koszalin, Polska).
773 0# - TYTUŁ DOKUMENTU MACIERZYSTEGO
Wyrażenie wprowadzające W :
Tytuł Integracja i rozwój Pomorza Środkowego : materiały na konferencję naukową, Koszalin 19 luty 2001 / [red. Andrzej Suszyński, Stanisław Bartoszewski, Leszek Brożek]. -
Adres wydawniczy Koszalin : Wydaw. Wydziału Ekonomii i Zarządzania Politechniki Koszalińskiej, 2001. -
Informacje dotyczące relacji s. 203-217
942 ## - HASŁO DODATKOWE - ELEMENTY(KOHA)
Typ dokumentu Rozdział
Schemat klasyfikacji Uniwersalna klasyfikacja dziesiętna
Egzemplarze
Wycofany Zagubiony Uszkodzony Dostępność Lokalizacja stała Lokalizacja bieżąca Sygnatura Typ dokumentu
      Dostępny Bibliografia Prac Pracowników - BPK Bibliografia Prac Pracowników - BPK 91932 Rozdział
© 2014 Biblioteka Politechniki Koszalińskiej :: BIBLIOGRAFIA PRAC PRACOWNIKÓW